| 000 | 00567nam a2200181 a 4500 | ||
|---|---|---|---|
| 005 | 20140412111238.0 | ||
| 008 | 010710s19uu xx 00 eng d | ||
| 020 | _a0-590-44647-9 | ||
| 050 |
_aTR(PS E _bFr84Fi 1991 |
||
| 100 | _aBourgeois, Paulette | ||
| 245 |
_aFranklin fibs / _cPaulette Bourgeois; Brenda Clark. |
||
| 260 |
_aNew York : _bScholastic Inc, _c1991. |
||
| 300 | _a1v. (unp.) ; ill. | ||
| 520 | _aIn this funny story Franklin learns it's always better to tell the truth! | ||
| 650 | _aTurtles-Stories | ||
| 650 | _aLies-Stories | ||
| 999 |
_c102540 _d102540 |
||